| 000 | 01000nas a2200301 4500 | ||
|---|---|---|---|
| 001 | BR9206268 | ||
| 003 | BR-BrBNA | ||
| 005 | 20231205092915.0 | ||
| 007 | ta | ||
| 008 | 230509b bl.|||p| |||| 00| 00por d | ||
| 040 |
_aBR-BrBNA _bpor _cBiblioteca Nacional de Agricultura |
||
| 041 | _a(Pt) | ||
| 072 | _aL10; L20 | ||
| 100 | 1 | _aAlmeida, A.J.L. de | |
| 100 | 1 | _aGuaragna, G.P. | |
| 100 | 1 | _aCarneiro, G.G. | |
| 100 | 1 | _aPires, F.L. | |
| 245 | 1 | _aEfeito de fatores ambientes e geneticos no peso de bezerros da raca Holandesa preta e branca, aos 90 dias de idade | |
| 246 | 1 | _aEffect of environmental and genetic factors on weights at ninety days of age Hostein calves | |
| 650 | _aBEZERRO | ||
| 650 | _aGENETICA ANIMAL | ||
| 650 | _aMEIO AMBIENTE | ||
| 650 | _aPESO | ||
| 650 | _aHEREDITARIEDADE | ||
| 773 | 0 |
_tBoletim de Industria Animal (Brazil) _xISSN 0067-9615 _g(Jan-Jun 1990), v. 47(1) p. 31-41 _wBR9206268 |
|
| 909 |
_a202311 _bLúcia _c55 _dLúcia Elande |
||
| 942 |
_2AGRIS _n0 _cANA |
||
| 999 |
_c135033 _d135033 |
||